000
00299 a2200133 4500
001
27618
082
_a
536.2 KRE
090
_c
18391
_d
18391
100
_a
Krieth, Frank
245
_a
Principles of heat transfer, 3/e
250
_a
3
260
_b
I.E.P London
500
_a
BE textbook Aerospace
942
_a
NUST-CAE
_k
536.2 KRE
999
_c
262691
_d
262691